000 01272nam a2200397 a 4500
001 000110464
003 CHAP
005 20220817044638.0
008 140829s2013 it adj |r| |||||||eng d
010 _a106926
011 _a107898
020 _a9789251078655
040 _cCHAP
090 _aFolleto 18462y
110 2 _aFAO
245 1 0 _aNational Forest Funds (NFFs) :
_btowards a solid architecture and good financial governance /
_cpor Christian Held, Jochen Statz y Annika Keil.
260 _aRoma :
_bFAO,
_c2013.
300 _a30 p. :
_bil., diagrs., gráfs., tabs.,.
490 1 _aForestry financing working paper
590 _aE5995AHE
_b05
_c20140829
_lUCH01
_h1452
590 _aE5995AHE
_b05
_c20140829
_lUCH01
_h1453
590 _aE5995AHE
_b05
_c20140902
_lUCH01
_h0842
590 _aE5995AHE
_b05
_c20140902
_lUCH01
_h0853
650 1 4 _aBosques
_xAspectos económicos.
_914058
650 1 4 _aCrédito forestal.
_929094
650 1 4 _aFinanzas.
_940930
650 1 4 _aForestación.
_942339
650 1 4 _aRecursos forestales.
_995025
700 1 _aHeld, Cristian
_9128149
700 1 _aKeil, Annika
_9128151
700 1 _aStatz, Jochen
_9128150
830 1 _aForestry financing working paper
_9128153
901 _aBK
942 _cFOLL
942 _n0
999 _c106926
_d106926